Library Banner

Countering Al-Qaeda in london (Record no. 64340)

MARC details
000 -LEADER
fixed length control field 00464nam a2200169Ia 4500
001 - CONTROL NUMBER
control field 63686
008 - FIXED-LENGTH DATA ELEMENTS--GENERAL INFORMATION
fixed length control field 150109s9999 xx 000 0 und d
020 ## - INTERNATIONAL STANDARD BOOK NUMBER
International Standard Book Number 9781849041669
040 ## - CATALOGING SOURCE
Transcribing agency PK-LaUMT
082 ## - DEWEY DECIMAL CLASSIFICATION NUMBER
Classification number 363.325088290942
Item number LAM-C
100 ## - MAIN ENTRY--PERSONAL NAME
Personal name Lambert, Robert
245 ## - TITLE STATEMENT
Title Countering Al-Qaeda in london
Remainder of title police and Muslims in partnership
Statement of responsibility, etc Lambert, Robert
260 ## - PUBLICATION, DISTRIBUTION, ETC. (IMPRINT)
Place of publication, distribution, etc London,UK:
Name of publisher, distributor, etc Hurst & Company,
Date of publication, distribution, etc 2011
300 ## - PHYSICAL DESCRIPTION
Extent 402 p.
546 ## - LANGUAGE NOTE
Language note EN
942 ## - ADDED ENTRY ELEMENTS (KOHA)
Koha item type Books
Holdings
Withdrawn status Lost status Damaged status Not for loan Home library Current library Date acquired Total Checkouts Full call number Barcode Date last seen Price effective from Koha item type
        UMT Main Campus UMT Main Campus 2015-01-09   363.325088290942 LAM-C 86308 2015-01-09 2015-01-09 Books